[Event "Miskolc Avas op-B"]
[Site "Miskolc"]
[Date "2000.06.23"]
[Round "7.4"]
[White "Fekete, Sandor"]
[Black "Gyori, Antal"]
[Result "1-0"]
[WhiteElo "1810"]
[BlackElo "1753"]
[PlyCount "159"]
[EventDate "2000.06.25"]
[EventType "swiss"]
[EventRounds "9"]
[EventCountry "HUN"]
[SourceTitle "EXT 2004"]
[Source "ChessBase"]
[SourceDate "2003.11.25"]
[SourceVersion "1"]
[SourceVersionDate "2003.11.25"]
[SourceQuality "1"]

1. d4 d5 2. Bf4 e6 3. e3 Bd6 4. c3 Nf6 5. Nd2 0-0 6. Ngf3 c5 7. Be2 Bxf4 8. exf4 cxd4 9. Nxd4 Bd7 10. 0-0 Nc6 11. N2f3 a6 12. g3 b5 13. Nxc6 Bxc6 14. Ne5 Qb6 15. Bf3 Nd7 16. Nxd7 Bxd7 17. Re1 Rad8 18. Qd2 Rfe8 19. Rad1 Bc6 20. Qd4 Qb8 21. Re3 Re7 22. Rde1 Rde8 23. Bg2 Qc7 24. Qe5 Qd7 25. Bf1 Bb7 26. Qd4 Qc7 27. Rd1 Kf8 28. Bd3 h6 29. Re5 f6 30. Rh5 e5 31. fxe5 Rxe5 32. Rxe5 fxe5 33. Qb4+ Kg8 34. Bf1 g6 35. Qg4 Kg7 36. h4 Rf8 37. Bg2 Qf7 38. Qe2 Re8 39. Qd2 e4 40. Qd4+ Qf6 41. Kf1 Qxd4 42. Rxd4 Kf6 43. Ke2 g5 44. hxg5+ hxg5 45. Bh3 Rh8 46. Bg4 Ke5 47. Ke3 Rh2 48. a4 Bc6 49. axb5 Bxb5 50. Be2 Bxe2 51. Kxe2 Rh6 52. Ra4 Rb6 53. b4 Rc6 54. Kd2 g4 55. Ra1 d4 56. Ra5+ Kd6 57. cxd4 Rc4 58. Ke3 Rxb4 59. Rxa6+ Kd5 60. Ra5+ Kd6 61. Kxe4 Rb2 62. Ra6+ Kc7 63. Rg6 Rxf2 64. Rxg4 Kd6 65. Rg6+ Ke7 66. g4 Kf7 67. Rg5 Re2+ 68. Kd5 Rd2 69. Re5 Kf6 70. g5+ Kg6 71. Kc5 Rc2+ 72. Kd6 Ra2 73. d5 Ra6+ 74. Kc7 Kf7 75. d6 Ra7+ 76. Kb6 Rd7 77. Kc6 Ra7 78. d7 Ra6+ 79. Kb7 Rd6 80. Kc7 1-0